| 000 | 01143nam a2200253Ia 4500 | ||
|---|---|---|---|
| 001 | 18048 | ||
| 003 | GE_BSU | ||
| 008 | 181216s||||||||xx |||||||||||||| ||und|| | ||
| 040 | _cGE_BSU | ||
| 080 | _a81 | ||
| 100 | _aშარაძენიძე, თინათინ | ||
| 245 | _aთანამედროვე ენათმეცნიერების თეორიული საკითხები | ||
| 245 | _cმხატვ. გ. ნადირაძე | ||
| 250 | _aსაქ. სსრ მეცნ. აკად. ენთმეცნიერების ინსტიტუტი | ||
| 260 | _aთბილისი | ||
| 260 | _bმეცნიერება | ||
| 260 | _c1972 | ||
| 300 | _a438გვ. ; 22სმ | ||
| 300 | _eპირის სახელთა საძიებელი: გვ.431-438. | ||
| 520 | _aრეზუმე რუს. | ||
| 653 | _aენათმეცნიერების თეორია | ||
| 653 | _aთანამედროვე ენათმეცნიერების თეორიული საკითხები | ||
| 942 | _cBK | ||
| 999 |
_c51091 _d51091 |
||